000 00372pab a2200157 454500
008 180718b1983 xxu||||| |||| 00| 0 eng d
100 _aSundaresan, B.B
245 _aIndian scenario of hazardous wastes
260 _c1983
300 _a4-6
362 _a1 June
650 _aTrade Waste - India
700 _aP.V.R. Subrahmanyam
773 _aYojana
909 _a19358
999 _c19358
_d19358